Bilecik Bilecik Bilecik Bilecik Bilecik

V. Uluslararası Sivil Toplum Kuruluşları Kongresi: bildiriler kitabı küresel barış = (Record no. 17407)

MARC details
000 -BAŞLIK
Sabit Uzunluktaki Kontrol Alanı 01873nam a22004577a 4500
001 - KONTROL NUMARASI
Control Dosyası 0017450
003 - KONTROL NUMARASI KİMLİĞİ
Kontrol Alanı KOHA_MİRAKIL
005 - EN SON İŞLEM TARİHİ ve ZAMANI
Kontrol Alanı 20260207002140.0
007 - FİZİKSEL TANIM SABİT ALAN - GENEL BİLGİ
Sabit uzunluklu kontrol alanı ta
008 - SABİT UZUNLUKTAKİ VERİ ÖGELERİ - GENEL BİLGİ
Sabit Alan 100521b2008 tu |||grt|||#0|||0|tur |
020 ## - ISBN - ULUSLARARASI STANDART KİTAP NUMARASI
Isbn 9789758100965
Kullanılabilirlik koşulları 0,01
040 ## - KATALOGLAMA KAYNAĞI
Özgün Kataloglama Kurumu TR-BiSEU
Kataloglama Dili tur
Çeviri Kurumu TR-BiSEU
Açıklama Kuralları rda
041 0# - DİL KODU
Metin ya da ses kaydının dil kodu tur
044 ## - YAYINLAYAN/ÜRETEN KURULUŞUN ÜLKE KODU
ISO country code tu
050 ## - SINIFLAMA ve YER NUMARASI
Sınıflama Numarası JZ4841
Yer Numarası .U48 2008
111 2# - TOPLANTI ADI
Toplantı Adı Uluslararası Sivil Toplum Kuruluşları Kongresi (5. : 2004. : Çanakkale)
9 (RLIN) 40495
240 10 - TEK BİÇİM BAŞLIK
Tekbiçim Başlık <a href="V. International Non-Governmental Organizations Conference: proceedings global peace">V. International Non-Governmental Organizations Conference: proceedings global peace</a>
Language of a work Türkçe
245 1# - ESER ADI BİLDİRİMİ
Başlık V. Uluslararası Sivil Toplum Kuruluşları Kongresi: bildiriler kitabı küresel barış =
Alt Eseradı vb. V. International Non-Governmental Organizations Conference: proceedings global peace/
Sorumluluk Bildirimi Editörler Ali Akdemir, A. Kazım Kirtiş, Mehmet Marangoz, Aşi Şahin Örnek.
264 #1 - ÜRERİM, YAYIN, DAĞITIM ve TELİF BİLDİRİMİ
Yayın yeri Çanakkale :
Yayınlayan Çanakkale Onsekiz Mart Üniversitesi
Yayın tarihi 2008
300 ## - FİZİKSEL TANIMLAMA
Sayfa, Cilt vb. V, 1094 sayfa: resimli; 30 cm.
336 ## - İÇERİK TÜRÜ
Content type term metin
Content type code txt
Source rdacontent
337 ## - MEDYA TÜRÜ
Media type term aracısız
Media type code n
Source rdamedia
338 ## - TAŞIYICI TÜRÜ
Carrier type term cilt
Carrier type code nc
Source rdacarrier
500 ## - GENEL NOT
Genel Not Kaynakça var.
650 #0 - KONU BAŞLIĞI EK GİRİŞ - KONU TERİMİ
Konusal terim veya coğrafi ad Sivil toplum örgütleri--Kongreler.
9 (RLIN) 40496
650 #0 - KONU BAŞLIĞI EK GİRİŞ - KONU TERİMİ
Konusal terim veya coğrafi ad Sivil toplum--Kongreler.
9 (RLIN) 40497
650 #0 - KONU BAŞLIĞI EK GİRİŞ - KONU TERİMİ
Konusal terim veya coğrafi ad Yoksulluk.
9 (RLIN) 13187
650 #0 - KONU BAŞLIĞI EK GİRİŞ - KONU TERİMİ
Konusal terim veya coğrafi ad Yoksulluk--Hükümet politikası--Kongreler.
9 (RLIN) 40498
650 #0 - KONU BAŞLIĞI EK GİRİŞ - KONU TERİMİ
Konusal terim veya coğrafi ad Ekonomik kalkınma--Kongreler.
9 (RLIN) 40499
650 #0 - KONU BAŞLIĞI EK GİRİŞ - KONU TERİMİ
Konusal terim veya coğrafi ad Barış--Kongreler.
9 (RLIN) 14445
650 #0 - KONU BAŞLIĞI EK GİRİŞ - KONU TERİMİ
Konusal terim veya coğrafi ad Küreselleşme--Kongreler.
9 (RLIN) 37644
650 #0 - KONU BAŞLIĞI EK GİRİŞ - KONU TERİMİ
Konusal terim veya coğrafi ad Non-governmental organizations--Congresses.
9 (RLIN) 40500
650 #0 - KONU BAŞLIĞI EK GİRİŞ - KONU TERİMİ
Konusal terim veya coğrafi ad Civil society--Congresses.
9 (RLIN) 40501
650 #0 - KONU BAŞLIĞI EK GİRİŞ - KONU TERİMİ
Konusal terim veya coğrafi ad Poverty.
9 (RLIN) 13190
650 #0 - KONU BAŞLIĞI EK GİRİŞ - KONU TERİMİ
Konusal terim veya coğrafi ad Poverty--Government policy--Congresses.
9 (RLIN) 40502
650 #0 - KONU BAŞLIĞI EK GİRİŞ - KONU TERİMİ
Konusal terim veya coğrafi ad Economic development--Congresses.
9 (RLIN) 40503
650 #0 - KONU BAŞLIĞI EK GİRİŞ - KONU TERİMİ
Konusal terim veya coğrafi ad Peace--Congresses.
9 (RLIN) 14447
650 #0 - KONU BAŞLIĞI EK GİRİŞ - KONU TERİMİ
Konusal terim veya coğrafi ad Globalization--Congresses.
9 (RLIN) 32958
907 ## - LOCAL DATA ELEMENT G, LDG (RLIN)
a Bildiri
942 ## - EK GİRİŞ ÖGELERİ (KOHA)
Source of classification or shelving scheme Library of Congress Classification
Koha item type Book
Holdings
Materyal Türü Kalıcı Konum Mevcut Konum Raf Yeri Sınıflandırma Kaynağı Edinim Bilgisi Ana Konular Alt Konular Yer Numarası Demirbaş Numarası Fatura Tarihi Geri Çekilme Durumu Kayıp Durumu Hasarlı Durumu Kredi için değil Kayıt Tarih Toplam Ödünçverme Son Görülme Tarihi Son Kontrol Tarihi Genel / Bağış Notu
Book Prof. Dr. Azmi Özcan Kütüphanesi Prof. Dr. Azmi Özcan Kütüphanesi Uluğbey Salonu Library of Congress Classification Bağış SİYASET BİLİMİ Uluslararası İlişkiler JZ4841 .U48 2008 0017450 13/08/2010         21/05/2010 1 05/12/2024 05/12/2024 Genel Bağış